01015nam a2200217 a 450000100100000000500170001000800410002704000250006808200160009311000720010924500730018126000370025430000240029149000700031570000420038570000300042783000770045795201140053495201320064899900170078000002966420200930055719.0110415s2005 dr 000 0 spa d aDO-SdBNPbspacBNPHU axxxbC3978a2 aCentro Nacional de Investigaciones en Salud Materno Infantil95575710aNeurofibromatosis /ceditor Ceila Pérez de Ferrán, Maya Fortuna. aSanto Domingo :bCENISMI,c2005. avi, 12 p. ;c28 cm.1 aInvestigaciones clínicasaestudios aplicados a las clínicav11 aPérez de Ferrán, Ceilaeed9564581 aFortuna, Mayaeed.956465 0aInvestigaciones clínicaspestudios aplicados a las clínicav1956422 0010718PDaPDbPDcCTd2011-04-19iLF1l0oxxx C3978ap29664-10r2020-06-25w2020-06-25yLFPDZNo se presta 0010718PDaPDbPDcCTd2011-04-27iLF1l0oxxx C3978ap29664-20r2020-06-25te. 2, extraviadow2020-06-25yLFPDZNo se presta c29156d29156